ბათუმის შოთა რუსთაველის სახელმწიფო უნივერსიტეტის ბიბლიოთეკა

ზოგადი ჰიდრობიოლოგია : (ბიბ.ჩანაწერი № 53035)

000 -ლიდერი
ფიქსირებული სიგრძის საკონტროლო ველი 01180nam a2200265Ia 4500
001 - საკონტროლო ნომერი
საკონტროლო ველი 20071
003 - საკონტროლო ნომრის იდენტიფიკატორი
საკონტროლო ველი GE_BSU
005 - ბოლო ოპერაციის თარიღი და დრო
საკონტროლო ველი 20250422162031.0
008 - ფიქსირებული სიგრძის მონაცემთა ელემენტები - ზოგადი ინფორმაცია
ფიქსირებული სიგრძის საკონტროლო ველი 181216s2000||||ge |||||||||||||| ||geo||
020 ## - წიგნის საერთაშორისო სტანდარტული ნომერი
International Standard Book Number 99928-31-21-9
040 ## - კატალოგიზაციის წყარო
Transcribing agency GE_BSU
041 ## - ენის კოდი
Language code of text/sound track or separate title geo
080 ## - უნივერსალური ათობითი კლასიფიკაციის ინდექსი
Universal Decimal Classification number 574.5(075.8) ო-47
100 ## - მთავარი ჩანაწერი - პიროვნების სახელი
Personal name ონიანი, ჯაბა
9 (RLIN) 2718
245 ## - ცნობა სათაურის შესახებ
Title ზოგადი ჰიდრობიოლოგია :
Remainder of title სახელმძღვ. უმაღლ. სასწ. სტუდენტებისათვის /
Statement of responsibility, etc ჯაბა ონიანი ; რედ. : მ. ყურაშვილი, ნ. ალექსიძე.
264 ## - წარმოების, გამოცემის, დისტრიბუციის და სხვა ცნობები
გამოცემის, წარმოების, დისტრიბუციის... ადგილი თბილისი :
გამოცემის, წარმოების, დისტრიბუციის... სახელწოდება თბილ. უნ-ტის გამ-ბა,
გამოცემის, წარმოების, დისტრიბუციის... თარიღი 2000.
300 ## - ფიზიკური აღწერა
Extent 401 გვ. :
Other physical details ილ. ;
Dimensions 21 სმ.
504 ## - BIBLIOGRAPHY, ETC. NOTE
Bibliography, etc ბიბლიოგრ. : გვ. 391
653 ## - INDEX TERM--UNCONTROLLED
Uncontrolled term ბიოლოგია
653 ## - INDEX TERM--UNCONTROLLED
Uncontrolled term ზოგადი ჰიდრობიოლოგია
700 ## - ADDED ENTRY--PERSONAL NAME
Personal name ალექსიძე, ნ.
Relator term რედაქტორი
9 (RLIN) 1094
700 ## - ADDED ENTRY--PERSONAL NAME
Personal name ყურაშვილი, მ.
Relator term რედაქტორი
9 (RLIN) 22253
942 ## - ADDED ENTRY ELEMENTS (KOHA)
Koha item type წიგნი
Source of classification or shelving scheme
ეგზემპლარები
ჩამოწერის სტატუსი დაკარგული ეგზემპლარის სტატუსი კლასიფიკაციის წყარო ან თაროზე გაწყობის სქემა დაზიანების სტატუსი არ გაიცემა მუდმივი მდებარეობა (დაცვის ადგილი) ამჟამინდელი ადგილსამყოფელი თაროზე განთავსების ადგილი შეძენის თარიღი ღირებულება, შესყიდვის ნორმალური ფასი სრული შენახვის შიფრი შტრიხკოდი ბოლო ოპერაციის თარიღი ეგზემპლარის მიმდევრობითი ნომერი (კეტერი?) ფასის ძალაში შესვლის თარიღი ეგზემპლარის სახეობა საჯარო შენიშვნა
          ბათუმის შოთა რუსთაველის სახელმწიფო უნივერსიტეტის მთავარი ბიბლიოთეკა ბათუმის შოთა რუსთაველის სახელმწიფო უნივერსიტეტის მთავარი ბიბლიოთეკა წიგნსაცავი 2018-12-17 15.00 574.5(075.8) ო-47 27889 2018-12-17 27889 2018-12-17 წიგნი 15.00 ₾.